Zodiac signs - Statistics

General Stats
  • This quiz has been taken 964 times
  • The average score is 7 of 12
Answer Stats
# Answer % Correct
1 Aries
73%
5 Leo
73%
9 Sagittarius
68%
4 Cancer
66%
7 Libra
64%
10 Capricorn
62%
3 Gemini
62%
6 Virgo
62%
2 Taurus
61%
8 Scorpio
56%
11 Aquarius
53%
12 Pisces
48%
No matching quizzes found
Score Distribution
Percent of People with Each Score
Percentile by Number Answered
Your Score History
You have not taken this quiz